| 000 | 00586 a2200193 4500 | ||
|---|---|---|---|
| 001 | 066731 | ||
| 003 | OSt | ||
| 005 | 20211006150145.0 | ||
| 008 | |||
| 082 |
_a338.544 _bA48E |
||
| 100 | 1 | _aAppannaiah, H.R. | |
| 245 | 1 |
_aEconomics for business _cby H.R. Appannaiah, S. Santhi and P.N. Reddy |
|
| 260 |
_aMumbai _bHimalaya Publishing _c2009 |
||
| 300 | _a503p. | ||
| 690 | _aCommerce; Economics; Business; Managerial economics; Great Britain; Economic policy; Commercial policy | ||
| 700 | _aSanthi, S. | ||
| 700 | _aReddy, P.N. | ||
| 942 |
_2ddc _cBK |
||
| 999 |
_c744 _d744 |
||